000
00294nam a2200109Ia 4500
008
220204s9999 xx 000 0 und d
082
_a
658.516.2
_b
THI
100
_a
Thierauf, Robert J
245
0
_a
Distributed processing systems
260
_a
Englewood cliffs
_b
Prentice Hall
_c
1978
942
_c
BK
999
_c
31592
_d
31592